Info Quiz for Grady Stats

 Plays Quiz not verified by Sporcle

Support Sporcle.
Go Orange.
Score 0/5 Timer 01:00
0 Plays Today
Trivia Fact % Correct
Favorite Number3
100%
Favorite ColorPurple
80%
Favorite ClassSpanish
60%
CityApex
60%
Zip Code27502
40%

You're not logged in!

Compare scores with friends on all Sporcle quizzes.
OR
Log In

From the Vault

10 to 1: Classic Rock Songs IX

by metakoopa99

We suppose it's fair to label Nirvana under Classic Rock now that they've been inducted into the Rock and Roll Hall of Fame.
Remove Ads.
Support Sporcle.
Get the best of Sporcle when you Go Orange. This ad-free experience offers more features, more stats, and more fun while also helping to support Sporcle. Thank you for becoming a member.

Show Comments

Extras

Created Sep 21, 2013ReportNominate

Top Quizzes Today


Score Distribution

Your Account Isn't Verified!

In order to create a playlist on Sporcle, you need to verify the email address you used during registration. Go to your Sporcle Settings to finish the process.

Report this User

Report this user for behavior that violates our Community Guidelines.

Details: